[Event "Arber op (Women) 3rd"]
[Site "Bayerisch Eisenstein"]
[Date "2015.08.08"]
[Round "9"]
[White "Klinkenberg, Cora"]
[Black "Sherif, Amina"]
[Result "0-1"]
[WhiteElo "1612"]
[BlackElo "1937"]
[PlyCount "82"]
[EventDate "2015.08.01"]
[EventType "swiss"]
[EventRounds "9"]
[EventCountry "GER"]
[SourceTitle "EXT 2016"]
[Source "ChessBase"]
[SourceDate "2015.10.08"]
[SourceVersion "1"]
[SourceVersionDate "2015.10.08"]
[SourceQuality "1"]

1. d4 Nf6 2. Bg5 Ne4 3. Bh4 c5 4. dxc5 Qa5+ 5. c3 Qxc5 6. e3 d5 7. Nd2 Nxd2 8. Qxd2 e5 9. Bg3 Nc6 10. Nf3 f6 11. Be2 Be6 12. 0-0 Be7 13. Rad1 0-0 14. Rfe1 Rfd8 15. Qc1 Rac8 16. b4 Qb6 17. Qb2 Nb8 18. a3 Rc6 19. Rc1 Rdc8 20. Red1 Nd7 21. Nd2 Qc7 22. c4 dxc4 23. Rc3 Nb6 24. Bf3 Na4 25. Qc2 Nxc3 26. Qxc3 Rd6 27. Rc1 Qd7 28. Ne4 Rd3 29. Qb2 f5 30. Nc3 Bf6 31. Be2 Rd2 32. Rc2 Rd8 33. Rxd2 Qxd2 34. Qxd2 Rxd2 35. Kf1 e4 36. Nb5 c3 37. Ke1 Rxe2+ 38. Kxe2 Bc4+ 39. Kd1 Bxb5 40. f3 Bd3 41. Be1 Kf7 0-1

[Event "GER-ch U16 Girls"]
[Site "Willingen"]
[Date "2015.05.26"]
[Round "5"]
[White "Grund, Melanie"]
[Black "Klinkenberg, Cora"]
[Result "1-0"]
[WhiteElo "1588"]
[BlackElo "1502"]
[PlyCount "67"]
[EventDate "2015.05.24"]
[EventType "swiss"]
[EventRounds "9"]
[EventCountry "GER"]
[SourceTitle "CBM 166 Extra"]
[Source "ChessBase"]
[SourceDate "2015.06.18"]
[SourceVersion "1"]
[SourceVersionDate "2015.06.18"]
[SourceQuality "1"]

1. d4 Nc6 2. d5 Ne5 3. e4 Nf6 4. Nc3 d6 5. h3 a6 6. Nf3 e6 7. dxe6 Bxe6 8. Bf4 Ng6 9. Bg3 Be7 10. Be2 0-0 11. 0-0 h6 12. Nd4 Qd7 13. Kh2 d5 14. f4 c5 15. Nxe6 fxe6 16. e5 Ne8 17. Bg4 Nc7 18. f5 Nh8 19. fxe6 Qc6 20. Qd3 d4 21. Ne2 Nd5 22. Bf5 g5 23. Be4 Qxe6 24. c3 Rad8 25. cxd4 Nb4 26. Rxf8+ Bxf8 27. Qc3 Nc6 28. d5 Qd7 29. dxc6 bxc6 30. Qc4+ Kg7 31. e6 Qc8 32. Be5+ Kg8 33. e7+ Nf7 34. Bh7+ 1-0

[Event "GER-ch U16 Girls"]
[Site "Willingen"]
[Date "2015.05.26"]
[Round "4"]
[White "Klinkenberg, Cora"]
[Black "Denkert, Anna"]
[Result "1/2-1/2"]
[WhiteElo "1502"]
[BlackElo "1738"]
[PlyCount "99"]
[EventDate "2015.05.24"]
[EventType "swiss"]
[EventRounds "9"]
[EventCountry "GER"]
[SourceTitle "CBM 166 Extra"]
[Source "ChessBase"]
[SourceDate "2015.06.18"]
[SourceVersion "1"]
[SourceVersionDate "2015.06.18"]
[SourceQuality "1"]

1. e4 c6 2. d4 d5 3. exd5 cxd5 4. Bd3 Nc6 5. c3 Nf6 6. h3 e6 7. Bf4 Bd6 8. Bxd6 Qxd6 9. Nf3 0-0 10. 0-0 Bd7 11. Re1 Qc7 12. Nbd2 Na5 13. Ne5 b5 14. Ndf3 Nc4 15. Bxc4 bxc4 16. Rb1 Qa5 17. Nxd7 Nxd7 18. Ra1 Rab8 19. Qc2 Rfc8 20. Rec1 Nf6 21. Nd2 Nh5 22. g3 Qc7 23. Kg2 Rb6 24. Rab1 Rc6 25. Nf3 Nf6 26. Nd2 Ra6 27. b4 Ne8 28. Ra1 Rb6 29. Re1 f6 30. f4 Qf7 31. Nf3 Nd6 32. g4 Re8 33. Re2 Qg6 34. Qxg6 hxg6 35. Nd2 Nb5 36. Rc1 Ra6 37. Nb1 Kf7 38. Kf3 Ra4 39. a3 Rh8 40. Kg3 a5 41. Rce1 Re8 42. f5 gxf5 43. gxf5 Nxa3 44. bxa5 Nxb1 45. fxe6+ Kf8 46. Rxb1 Rxa5 47. Rb6 g6 48. Kg4 Ra1 49. Rb5 Rg1+ 50. Kf3 1/2-1/2

[Event "Deggendorf op 3rd"]
[Site "Deggendorf"]
[Date "2010.09.05"]
[Round "4"]
[White "Leeb, Christian"]
[Black "Klinkenberg, Cora"]
[Result "1/2-1/2"]
[WhiteElo "1082"]
[BlackElo "765"]
[PlyCount "83"]
[EventDate "2010.09.03"]
[EventType "swiss"]
[EventRounds "5"]
[EventCountry "GER"]
[SourceTitle "CBM 138 Extra"]
[Source "ChessBase"]
[SourceDate "2010.10.29"]
[SourceVersion "1"]
[SourceVersionDate "2010.10.29"]
[SourceQuality "1"]

1. b4 b5 2. Bb2 Nc6 3. a3 Nf6 4. e3 e5 5. Bxb5 Bb7 6. Nc3 Be7 7. Nge2 0-0 8. d4 e4 9. d5 Ne5 10. Nf4 c6 11. Be2 Qc7 12. 0-0 h6 13. f3 exf3 14. Bxf3 Qb6 15. Qe2 cxd5 16. Ncxd5 Nxd5 17. Bxd5 Bxd5 18. Nxd5 Qd6 19. e4 Bd8 20. Rad1 Rc8 21. Ne3 Qb6 22. Bxe5 Bg5 23. Bd4 Qc7 24. Kh1 Rfe8 25. Qf3 Re7 26. Nf5 Ree8 27. Nxh6+ Bxh6 28. Qxf7+ Kh8 29. Bxg7+ Kh7 30. Be5+ Bg7 31. Bxc7 Rxc7 32. Qxe8 d6 33. h3 Rxc2 34. Rxd6 Rc7 35. Rd8 Rb7 36. Qh5+ Bh6 37. Rf7+ Rxf7 38. Qxf7+ Bg7 39. g4 a6 40. h4 a5 41. g5 axb4 42. axb4 1/2-1/2

[Event "Deggendorf op 3rd"]
[Site "Deggendorf"]
[Date "2010.09.03"]
[Round "1"]
[White "Klinkenberg, Cora"]
[Black "Reindl, Tobias"]
[Result "0-1"]
[WhiteElo "765"]
[BlackElo "1708"]
[PlyCount "78"]
[EventDate "2010.09.03"]
[EventType "swiss"]
[EventRounds "5"]
[EventCountry "GER"]
[SourceTitle "CBM 138 Extra"]
[Source "ChessBase"]
[SourceDate "2010.10.29"]
[SourceVersion "1"]
[SourceVersionDate "2010.10.29"]
[SourceQuality "1"]

1. e4 d6 2. d4 Nf6 3. Nc3 c6 4. Nf3 Bg4 5. h3 Bh5 6. Be2 Nbd7 7. 0-0 e5 8. dxe5 dxe5 9. Nxe5 Bxe2 10. Qxe2 Nxe5 11. Bf4 Qa5 12. Rad1 Bb4 13. Bxe5 Qxe5 14. Qe3 0-0 15. Rd2 Bxc3 16. bxc3 Qxe4 17. Qxe4 Nxe4 18. Re2 Nxc3 19. Re7 b6 20. Ra1 Rfd8 21. Rc7 c5 22. Re7 Rd2 23. Rae1 Kf8 24. R7e3 Rxc2 25. Kf1 Nxa2 26. R3e2 Rxe2 27. Rxe2 Nb4 28. Ke1 Rd8 29. Rd2 Rxd2 30. Kxd2 a5 31. Kc3 a4 32. Kb2 b5 33. Kc3 Nd5+ 34. Kc2 b4 35. Kb2 c4 36. Kb1 a3 37. Kc2 b3+ 38. Kb1 Nc3+ 39. Ka1 b2# 0-1